000
00228nam a2200097Ia 4500
008
240331s9999 xx 000 0 und d
082
_b
ROH
100
_a
Rohini, M
245
0
_a
Urimai porattathil uyir neetha thiyagigal
942
_c
L
999
_c
2361
_d
2361